Largest Cities that Contain the Letter Y - Statistics

General Stats
  • This quiz has been taken 222 times
  • The average score is 14 of 23
Answer Stats
Population City % Correct
23,000,000 New York
99%
40,700,000 Tokyo
99%
2,925,000 Pyongyang
97%
5,450,000 Sydney
97%
8,800,000 Riyadh
95%
2,250,000 Almaty
83%
3,650,000 Yaoundé
83%
10,500,000 Nagoya
81%
5,750,000 Monterrey
79%
10,700,000 Hyderabad
78%
2,375,000 Hyderabad
78%
2,700,000 Conakry
75%
3,250,000 Guayaquil
73%
5,850,000 Surabaya
66%
8,400,000 Shenyang
49%
2,250,000 Mbuji-Mayi
35%
5,550,000 Taiyuan
27%
2,450,000 Yantai
21%
4,625,000 Guiyang
20%
3,425,000 Luoyang
15%
4,125,000 Linyi
11%
2,350,000 Yiwu
10%
2,925,000 Jiangyin
3%
No matching quizzes found
Score Distribution
Percent of People with Each Score
Percentile by Number Answered
Your Score History
You have not taken this quiz